000 00212nam a22000857a 4500
008 170113b xxu||||| |||| 00| 0 eng d
100 _92398
_aMittal.R.S.etal.
245 _aScience Lab-X
260 _aNew Delhi
_bAPC
_c2010
999 _c5411
_d5411